000 00945nam a2200289 i 4500
001 000027740
003 DO-SdBNP
005 20230913145035.0
007 ta
008 110404s1974 dr 000 0 spa d
040 _aDO-SdBNP
_bspa
_cBNPHU
_erda
082 4 _bE19p
_222
245 0 0 _aEconomía, política e investigación social /
_crecopilación, Luis Gómez.
264 _aSanto Domingo :
_bUASD,
_c1974.
300 _a216 páginas ;
_c23 cm.
336 _2rdacontent
_atexto
_btxt
337 _2rdamedia
_asin mediación
_bn
338 _2rdacarrier
_avolumen
_bnc
490 1 _aPublicaciones de la Universidad Autónoma de Santo Domingo
_a77
490 1 _aHistoria y sociedad
_v13
500 _aIncluye referencias bibliográficas y notas al pie de las páginas
504 _aBibliografía : p. 209-213
590 _aInventariado, 2023/BT
700 1 _aGómez, Luis,
_ecompilador
_99238
910 _aBtavárez
942 _2ddc
_cLBS1
999 _c27232
_d27232